000 00192nam a22000857a 4500
008 170626b xxu||||| |||| 00| 0 eng d
100 _93697
_aNai. K. G
245 _aSports Quiz
260 _aNew Delhi
999 _c7119
_d7119